《蒹葭》填空 "Jian Jia" - Statistics

General Stats
  • This quiz has been taken 73 times
  • The average score is 10 of 15
Answer Stats
诗句 % Correct
蒹葭{苍苍},
98%
白露{为霜}。
98%
溯洄从之,道阻且{长}。
97%
所谓伊人,在水{一方}。
94%
溯游从之,宛在水中{央}。
90%
蒹葭{萋萋},
78%
白露{未晞}。
63%
蒹葭{采采},
63%
所谓伊人,在水{之湄}。
60%
溯游从之,宛在水中{沚}。
56%
溯洄从之,道阻且{右}。
54%
白露{未已}。
48%
溯洄从之,道阻且{跻}。
43%
溯游从之,宛在水中{坻}。
41%
所谓伊人,在水{之涘}。
35%
No matching quizzes found
Score Distribution
Percent of People with Each Score
Percentile by Number Answered
Your Score History
You have not taken this quiz